| 000 | nam a22 7a 4500 | ||
|---|---|---|---|
| 999 |
_c9092 _d9092 |
||
| 005 | 20220330234745.0 | ||
| 008 | 220330b xxu||||| |||| 00| 0 eng d | ||
| 020 |
_a9789715509022 _bpaperback |
||
| 040 |
_beng _cAPEC Schools Library _erda |
||
| 082 |
_aF 899.211 _bA668c 2019 |
||
| 100 | _aArceo, Liwayway | ||
| 245 |
_aCanal dela Reina / _cLiwayway Arceo |
||
| 264 |
_aQuezon City : _bAteneo De Manila University Press, _c©2019. |
||
| 300 | _axxvi, 238 pages. | ||
| 336 |
_2rdacontent _atext |
||
| 337 |
_2rdamedia _aunmediated |
||
| 338 |
_2rdacarrier _avolume |
||
| 942 |
_2ddc _cFIC |
||